00176nam a22000857a 4500082001400000100001400014245002700028260002700055300000800082 a620.11RYD aRyder G H aStrength of materials  bEnglish Languagec1977 a340